LEADER 01140cam0-22003611i-450- 001 990007974400403321 005 20131018141200.0 035 $a000797440 035 $aFED01000797440 035 $a(Aleph)000797440FED01 035 $a000797440 100 $a20041215d1961----km-y0itay50------ba 101 0 $aita 102 $aIT 105 $ay-------001yy 200 1 $aRassegna di giurisprudenza sulle imposte di consumo$eT.U.F.L., art. 10, 11, 20-100, reg.to 30-4-1936, n. 1138, leggi complementari o recanti esenzioni fiscali$fa cura di Mario Gagliardi 210 $aMilano$cGiuffrč$d1961 215 $aIV, 547 p.$d26 cm 225 1 $aRaccolta di giurisprudenza amministrativa e tributaria$v15 676 $a336$v21$zita 676 $a343.04 700 1$aGagliardi,$bMario$0107167 801 0$aIT$bUNINA$gRICA$2UNIMARC 901 $aBK 912 $a990007974400403321 952 $aDT XI-8$b521$fDEC 952 $aCOLLEZ. 169 (15)$b67207$fFGBC 952 $aH 567$b1836$fDSS 959 $aDEC 959 $aDSS 959 $aFGBC 996 $aRassegna di giurisprudenza sulle imposte di consumo$9751599 997 $aUNINA LEADER 01104nam0-22003371i-450- 001 990005562300403321 005 20101117145808.0 035 $a000556230 035 $aFED01000556230 035 $a(Aleph)000556230FED01 035 $a000556230 100 $a19990604d1908----km-y0itay50------ba 101 0 $aita 102 $aIT 105 $ay-------001yy 200 1 $aStoria finanziaria del comune di Napoli nel secolo XIX$fMarino Rodinó di Miglione 210 $aNapoli$cLuigi Pierro$d1908 215 $a344 p.$d26 cm 225 1 $aR. Universitą di Napoli$itesi di Laurea pubblicata dalla Facoltą di Giurisprudenza (Fondazione de Pilla)$v12 676 $a336.014$v21$zita 700 1$aRodino' Di Miglione,$bMarino$0183167 801 0$aIT$bUNINA$gRICA$2UNIMARC 901 $aBK 912 $a990005562300403321 952 $aDissertaz. 8 (12)$bs.i.$fFGBC 952 $aLeg. Fiore XIV 8$b6054$fFGBC 952 $a336.01 ROD 1 (BIS)$bST.MED.MOD. 6978$fFLFBC 959 $aFLFBC 959 $aFGBC 996 $aStoria finanziaria del comune di Napoli nel secolo XIX$9606375 997 $aUNINA